Czech Fortuna:Liga teams (first czech football league) - Statistics

General Stats
  • This quiz has been taken 305 times
  • The average score is 11 of 16
Answer Stats
Hint Answer % Correct
2 Sparta Prague
88%
1 Slavia Prague
87%
16 Plzen
78%
12 Liberec
74%
11 Ostrava
74%
9 Hradec Kralove
73%
15 Brno
70%
13 Jablonec
70%
8 Pardubice
70%
5 Olomouc
68%
6 Zlin
68%
14 Ceske Budejovice
66%
3 Slovacko
65%
10 Mlada Boleslav
63%
7 Teplice
62%
4 Bohemians Prague
58%
No matching quizzes found
Score Distribution
Percent of People with Each Score
Percentile by Number Answered
Your Score History
You have not taken this quiz